00330nam a2200133Ia 4500008004100000100005100041245002100092250001000113260002300123300001400146650001400160942000700174999001500181190216s9999||||xx |||||||||||||| ||und|| a"Kewal Krishna Dewett, Verma Jd And Sharma Ml" 0aIndian Economics a40 th bS Chand & Coc2000 a696 pages aEconomics cBK c9380d9380